000 00308nam a2200133 i 4500
001 bg
100 1 _aKABANOV, F. I.
245 0 _aRadioaktivnye izotopy v chemii /
_cF.I. Kabanov.
260 _aMoskva,
_c1963.
040 _cBPK
041 _apol
942 _cKS
008 s pl f |000 0 pol
999 _c12850
_d12850
856 _uhttp://koha.tu.koszalin.pl/cgi-bin/koha/opac-detail.pl?biblionumber=12850
_yKatalog online BPK